| 000 | 01149nam a22003737a 4500 | ||
|---|---|---|---|
| 001 | BR7603646 | ||
| 003 | BR-BrBNA | ||
| 005 | 20230928085035.0 | ||
| 007 | ta | ||
| 008 | 230509b bl.||||| |||| 00| 0 por d | ||
| 040 |
_aBR-BrBNA _bpor _cBiblioteca Nacional de Agricultura |
||
| 041 | _a(Por) | ||
| 072 |
_aE15; E70; Q10 _b0110 _b9926 _b/G514 |
||
| 090 | _ 0110 BR7603646 | ||
| 110 | 1 |
_aMinisterio da Agricultura, Brasilia, DF (Brasil) _96753 |
|
| 245 | 1 | _aEstudo sobre o plano de auto-suficiencia em cevada e malte 1976. Versao preliminar para discussao [Hordeum spp, custo de producao, politica de preco, Brasil] | |
| 260 | 3 |
_aBrasilia, DF (Brasil): _c[nd]. |
|
| 300 | _a37 p. | ||
| 500 | _a21 tables; Published 1976? | ||
| 650 | _aCEVADA | ||
| 650 | _aMALTE | ||
| 650 | _aCREDITO | ||
| 650 | _aEXPLORACAO AGRICOLA | ||
| 650 | _aESTATISTICA DE PRODUCAO | ||
| 650 | _aFINANCIAMENTO | ||
| 650 | _aCUSTO DE PRODUCAO | ||
| 650 | _aPOLITICA DE PRECO | ||
| 650 | _aPRECO MINIMO | ||
| 650 | _aFERMENTACAO | ||
| 650 | _aARMAZENAMENTO | ||
| 650 | _aINDUSTRIA ALIMENTICIA | ||
| 909 |
_a202309 _bLucia _c55 _dLucia Elande |
||
| 942 | _cBK | ||
| 999 |
_c22513 _d22513 |
||